| 000 | 00623cab a2200229 4500 | ||
|---|---|---|---|
| 001 | WB3504-48 | ||
| 008 | 090401t1999 xxu||||| |||| 00| 0 eng d | ||
| 035 | _a(Sirsi) u90979 | ||
| 041 | _aeng | ||
| 245 | _aFT 500 | ||
| 260 | _c1999 | ||
| 350 | _a0 | ||
| 490 |
_aFinancial Times _v28 January 1999, (55) (LOAN) |
||
| 520 | _aSupplement listing the top 500 companies in the world and breaking down the list by country. | ||
| 650 | _aANNUAL REVIEW | ||
| 650 | _aLARGEST COMPANIES | ||
| 650 | _aLEAGUE TABLES | ||
| 650 | _aMARKET CAPITALISATION | ||
| 690 | _aSPECIAL REPORTS | ||
| 942 | _n0 | ||
| 948 | _c28/01/1999 | ||
| 999 |
_c57724 _d57724 |
||